000 00279nam a22001337a 4500
008 181016b xxu||||| |||| 00| 0 eng d
020 _a9780028332406
041 _aeng
080 _a510
100 _a37
101 _aMAT
245 _aPrealgebra
_cJames.r.p
942 _2udc
_cBK
999 _c49948
_d49948